|
|
|
|
| LEADER |
01300nam a2200337 a 4500 |
| 001 |
35318 |
| 003 |
BD-DhAAL |
| 005 |
20190908165230.0 |
| 008 |
831018r19991983enka b 001 0 eng d |
| 999 |
|
|
|c 41160
|d 41160
|
| 010 |
|
|
|a 83215358
|
| 020 |
|
|
|a 0194327108 (pbk.)
|
| 020 |
|
|
|a 9780194327107
|
| 040 |
|
|
|a DLC
|c DLC
|d DLC
|d BD-DhAAL
|
| 050 |
0 |
0 |
|a PE1128.A2
|b T7 1983
|
| 082 |
0 |
0 |
|a 428.007
|2 19
|
| 245 |
0 |
2 |
|a A Training course for TEFL /
|c Peter Hubbard ... [et al.].
|
| 260 |
|
|
|a Oxford ;
|a New York :
|b Oxford University Press,
|c c1983 [Fifteenth impression 1999]
|
| 300 |
|
|
|a 337 pages :
|b illustrations ;
|c 25 cm.
|
| 504 |
|
|
|a Includes bibliographies and index.
|
| 526 |
|
|
|a BIED
|
| 541 |
|
|
|a Complimentary copy from BIED
|e 35318
|
| 650 |
|
0 |
|a English language
|x Study and teaching
|x Foreign speakers.
|9 34238
|
| 700 |
1 |
|
|a Hubbard, Peter.
|9 34239
|
| 700 |
1 |
|
|a Jones, Hywel
|9 34240
|
| 700 |
1 |
|
|a Thronton, Barbara
|9 34241
|
| 700 |
1 |
|
|a Wheeler, Rod
|9 34242
|
| 740 |
0 |
|
|a Training course for T.E.F.L.
|
| 852 |
|
|
|a Ayesha Abed Library
|c General Stacks
|
| 942 |
|
|
|2 ddc
|c BK
|
| 952 |
|
|
|0 0
|1 0
|2 ddc
|4 0
|6 428_007000000000000_TRA
|7 0
|9 66192
|a BRACUL
|b BRACUL
|c GEN
|d 2019-09-08
|e Complimentary copy from BIED
|l 0
|o 428.007 TRA
|p 3010035318
|r 2019-09-08
|t 1
|w 2019-09-08
|y BK
|x Transferred from BIED to General Stacks
|